<?xml version="1.0" encoding="UTF-8"?><?xml-stylesheet type="text/xsl" href="static/style.xsl"?><OAI-PMH xmlns="http://www.openarchives.org/OAI/2.0/" xmlns:xsi="http://www.w3.org/2001/XMLSchema-instance" xsi:schemaLocation="http://www.openarchives.org/OAI/2.0/ http://www.openarchives.org/OAI/2.0/OAI-PMH.xsd"><responseDate>2026-04-17T04:08:18Z</responseDate><request verb="GetRecord" identifier="oai:www.recercat.cat:10459.1/60336" metadataPrefix="marc">https://recercat.cat/oai/request</request><GetRecord><record><header><identifier>oai:recercat.cat:10459.1/60336</identifier><datestamp>2024-12-05T21:33:13Z</datestamp><setSpec>com_2072_3622</setSpec><setSpec>col_2072_479130</setSpec></header><metadata><record xmlns="http://www.loc.gov/MARC21/slim" xmlns:dcterms="http://purl.org/dc/terms/" xmlns:xsi="http://www.w3.org/2001/XMLSchema-instance" xmlns:doc="http://www.lyncode.com/xoai" xsi:schemaLocation="http://www.loc.gov/MARC21/slim http://www.loc.gov/standards/marcxml/schema/MARC21slim.xsd">
   <leader>00925njm 22002777a 4500</leader>
   <datafield ind2=" " ind1=" " tag="042">
      <subfield code="a">dc</subfield>
   </datafield>
   <datafield ind2=" " ind1=" " tag="720">
      <subfield code="a">Cortina, J.</subfield>
      <subfield code="e">author</subfield>
   </datafield>
   <datafield ind2=" " ind1=" " tag="720">
      <subfield code="a">Sebastià, Ma. T.</subfield>
      <subfield code="e">author</subfield>
   </datafield>
   <datafield ind2=" " ind1=" " tag="720">
      <subfield code="a">Soriano, Ignacio</subfield>
      <subfield code="e">author</subfield>
   </datafield>
   <datafield ind2=" " ind1=" " tag="720">
      <subfield code="a">Casals, Pere</subfield>
      <subfield code="e">author</subfield>
   </datafield>
   <datafield ind2=" " ind1=" " tag="720">
      <subfield code="a">Álvarez de la Campa, J. M.</subfield>
      <subfield code="e">author</subfield>
   </datafield>
   <datafield ind2=" " ind1=" " tag="720">
      <subfield code="a">Vallejo Calzada, V. R.</subfield>
      <subfield code="e">author</subfield>
   </datafield>
   <datafield ind2=" " ind1=" " tag="260">
      <subfield code="c">2017-10-20T12:24:03Z</subfield>
   </datafield>
   <datafield ind2=" " ind1=" " tag="260">
      <subfield code="c">2017-10-20T12:24:03Z</subfield>
   </datafield>
   <datafield ind2=" " ind1=" " tag="260">
      <subfield code="c">1988</subfield>
   </datafield>
   <datafield ind2=" " ind1=" " tag="260">
      <subfield code="c">2017-10-20T12:24:03Z</subfield>
   </datafield>
   <datafield ind2=" " ind1=" " tag="520">
      <subfield code="a">Se estudian cuatro comunidades ruderales de 10s alrededores de Barcelona (Chenopodietum muralis, Silybo-Urticetum, Carduo-Hordeetum e Inulo-Oryzopsietum) desde una perspectiva fitosociológica (inventariosflorísticos, espectros de familias, distribución fitogeografica y formas vitales) y edafológica (analisis de parametros físico-químicos del suelo, con especial énfasis en las formas minerales de nitrogeno). Los resultados ponen de manifiesto la variabilidad de hábitats y composición florística de estas comunidades. Por otra parte, las bajas acumulaciones de diferentes formas de N mineral no parecen confirmar su pretendida nitrofilia.</subfield>
   </datafield>
   <datafield ind2=" " ind1=" " tag="520">
      <subfield code="a">Data   on &#xd;
the   variability &#xd;
of &#xd;
some &#xd;
ecological &#xd;
parameters &#xd;
in &#xd;
four &#xd;
nitrophilous communities &#xd;
of &#xd;
Barcelona. &#xd;
Four   ruderal &#xd;
communities &#xd;
around &#xd;
Barcelona &#xd;
(Chenopodietum &#xd;
muralis, &#xd;
Silybo-Urticetum, Carduo-Hordeetum &#xd;
and &#xd;
Inulo-Oryzopsietum) &#xd;
are &#xd;
examined &#xd;
from &#xd;
a  phytocoenological &#xd;
and &#xd;
pedological  point &#xd;
of &#xd;
view. &#xd;
This &#xd;
includes &#xd;
floristic &#xd;
inventories &#xd;
(Braun-Blanquet method), &#xd;
evaluation &#xd;
of &#xd;
different  plant  families,  phytogeographical  distribution &#xd;
and &#xd;
biological &#xd;
forms &#xd;
and &#xd;
analysis &#xd;
of &#xd;
physico-chemical  soil &#xd;
properties, &#xd;
paying &#xd;
especial &#xd;
attention &#xd;
to &#xd;
the &#xd;
mineral forms &#xd;
of &#xd;
nitrogen. &#xd;
Results   show &#xd;
remarkable &#xd;
variability &#xd;
in &#xd;
habitat   and &#xd;
floristic &#xd;
composition. &#xd;
Low &#xd;
accumulations &#xd;
of &#xd;
N &#xd;
mineral &#xd;
forms &#xd;
seem &#xd;
to &#xd;
contradict &#xd;
nitrophilic hypothesis &#xd;
for &#xd;
these &#xd;
ruderal &#xd;
communities.</subfield>
   </datafield>
   <datafield ind1="8" ind2=" " tag="024">
      <subfield code="a">http://hdl.handle.net/10459.1/60336</subfield>
   </datafield>
   <datafield tag="653" ind2=" " ind1=" ">
      <subfield code="a">Botànica</subfield>
   </datafield>
   <datafield tag="653" ind2=" " ind1=" ">
      <subfield code="a">Males herbes</subfield>
   </datafield>
   <datafield ind2="0" ind1="0" tag="245">
      <subfield code="a">Datos sobre la variabilidad de algunos parámetros ecológicos en cuatro comunidades nitrófilas barcelonesas</subfield>
   </datafield>
</record></metadata></record></GetRecord></OAI-PMH>